000 01886nam a22002897a 4500
001 1315
005 20230816093334.0
008 230815b cb ||||| |||| 00| 0 khr d
020 _a9789995054892
040 _aFISKH
_beng
_cFISKH
_dFISKH
082 _a235.47
100 _aSivngim, Ngoun
245 _aមិនខ្ចីខ្លាចប្រេត /
_cនិពន្ធដោយ ងួន ស៊ីវងីម - គូររូបដោយ ឃុន សុវណ្ណរិទ្ធិ
250 _aបោះពុម្ពលើកទី៧ ខែ វិច្ឆិកា ឆ្នាំ ២០២១
_b
260 _aPhnom Penh :
_bSipar,
_c2021.
300 _a36 pages :
_bcolor illustrations ;
_c24 cm
490 _aខ្ញុំចង់អាន
505 _aP
520 _aស្រីមុំបានយល់ព្រមជាមួយយាយ ទៅបោះបាយបិណ្ណហើយបានហៅចន្ទដែលជាប្អូនជិដូនមួយរបស់នាងទៅជាមួយផងដែរ។ នាងខ្លាចប្រេតណាស់ តែធ្វើដូចជាមិនខ្លាច ដោយសារតែនាងចង់បន្លាចចន្ទ ដែលបានរត់ចោលនាងពេលស្មៅចាប់ជើងរបស់នាង។
520 _aSreymom agreed with her grandmother to throw bowls of rice and invited Chan, her cousin, to go together. She was scared but pretended not to because she wanted to scare Chan who ran away from her when grass grabbed her feet.
521 _a650
_bLexile estimate
521 _aP
_bRaz-Plus
650 _aប្រេត
_vបាយបិណ្ឌ
_xវត្ត
650 _aGhost
_vBowls of rice
_xPagoda
700 _aSovannrith, Khun
_cillustrator
942 _2ddc
_cBK
_n0
999 _c1315
_d1315